00497nam a22001457a 4500082002800000100002500028245006500053260003300118300002400151526003700175650001300212942001200225999001900237952009500256 a681.14bPROcL-29, L-81 aH.P, Emundson945054 aProceedings of the national Symposium on machine translation aUKbPrentice hall, incc1961 axvii, 525 p.billus a0b0c0d681_140000000000000_PRO aMCE9379 2ddccBK c548664d548664 00102ddc4070aMCEbMCEd2014-09-04l0o681.14 PROpMCE-2224r2014-09-04w2014-09-04yBK